Vật lý học hiện đại dùng cho kỹ sư

Sparad:
Bibliografiska uppgifter
Huvudupphovsman: Otto Oldenberg
Materialtyp: Bok
Språk:Undetermined
Publicerad: Hà Nội KHKT 1977
Ämnen:
Taggar: Lägg till en tagg
Inga taggar, Lägg till första taggen!
Thư viện lưu trữ: Trung tâm Học liệu Trường Đại học Cần Thơ
LEADER 00523nam a2200169Ia 4500
001 CTU_2389
008 210402s9999 xx 000 0 und d
082 |a 539 
082 |b O.44 
100 |a Otto Oldenberg 
245 0 |a Vật lý học hiện đại dùng cho kỹ sư 
245 0 |c Otto Oldenberg; Dịch giả: Phạm Ngọc Hoàn, Đặng Mộng Lân 
260 |a Hà Nội 
260 |b KHKT 
260 |c 1977 
650 |a nuclear physics 
980 |a Trung tâm Học liệu Trường Đại học Cần Thơ